000
00286nam a2200121Ia 4500
008
190216s9999||||xx |||||||||||||| ||und||
100
_a
Kamal Shukla
245
0
_a
Hindi-Sambarka Pet Aur Dasiyara Ke Bet
260
_b
Jagathi Prakashan
300
_a
56
650
_a
Hindi
942
_c
BK
999
_c
16271
_d
16271